| 000 | 00755nam a2200265 i 4500 | ||
|---|---|---|---|
| 001 | 000021400 | ||
| 003 | DO-SdBNP | ||
| 005 | 20230518141920.0 | ||
| 007 | ta | ||
| 008 | 100907s1952 dr 000 0 spa d | ||
| 040 |
_aDO-SdBNP _bspa _cBNPHU _erda |
||
| 049 | _aBNPD | ||
| 082 | 4 |
_bR319b _222 |
|
| 100 | 1 |
_aRedondo, N. D. _926644 |
|
| 245 | 1 | 3 |
_aEl base ball en Santo Domingo / _cN. D. Redondo. |
| 264 | 1 |
_aCiudad Trujillo, República Dominicana : _bStella, _c1952. |
|
| 300 |
_avolumen ; _c24 cm. |
||
| 336 |
_2rdacontent _atexto _btxt |
||
| 337 |
_2rdamedia _asin mediación _bn |
||
| 338 |
_2rdacarrier _avolumen _bnc |
||
| 500 | _aLa biblioteca posee el volumen 1 | ||
| 590 | _aInventariado, 2023/BT | ||
| 910 | _aBtavárez | ||
| 942 |
_2ddc _cLBS1 |
||
| 999 |
_c20900 _d20900 |
||